000 01265cab a22002295a 4500
001 L152685
008 110412e20110408xxk 000 0 eng d
035 _a(Sirsi) u152685
041 0 _aeng
100 1 _aEade, Christine
245 0 0 _aMarkets
_bHampshire, Dorset and Wiltshire
260 _c2011
490 0 _aProperty Week
_v77(14) 8 April 2011, 41-46(4)
520 _aThree firms are shortlisted to redevelop Basingstoke's 20 acre Basing View site into a office-led scheme. Owner Our Enterprise and developer Harcourt Developments overcome obstacles to commence redevelopment of the former Royal Hospital Haslar at Gosport. More lettings at Lakeside 1000 business park on North Harbour Portsmouth indicates improvement in the regional out-of-town office market. 30 000 sq ft pre-let at the former Exeter Road magistrates court is Salisbury's largest ever. Kondor's occupancy of 59 740 sq ft warehouse at Terrace Hill business park, Christchurch is Dorset's biggest shed deal for 15 years.
590 _aKA
651 4 _aHampshire
651 4 _aDorset
651 4 _aWiltshire
690 _aPROPERTY-COMMERCIAL PROPERTY-COMMERCIAL PROPERTY MARKET
690 _aPROPERTY-COMMERCIAL PROPERTY-COMMERCIAL PROPERTY FINANCE AND INVESTMENT
942 _n0
999 _c83060
_d83060